skbl

Dr Suryya Kumar Bhuyan Library Web-OPAC
ডঃ সূৰ্য্য
কুমাৰ ভূঞা পুথিভঁৰাল ৱেব-অ'পেক

All Research Scholars are advised to clear the annual library fees to continue using Library Resources, Remote Access, Plagiarism Test and Library Clearance.

Cotton University Book Fair 2026

Partial Differential Equations : (Record no. 54860)

MARC details
000 -LEADER
fixed length control field 00556nam a2200193Ia 4500
001 - CONTROL NUMBER
control field 54912
008 - FIXED-LENGTH DATA ELEMENTS--GENERAL INFORMATION
fixed length control field 120606n ii |||gr||||Z||||||465
020 ## - INTERNATIONAL STANDARD BOOK NUMBER
International Standard Book Number 81 8128 477 1
082 ## - DEWEY DECIMAL CLASSIFICATION NUMBER
Classification number 515
100 ## - MAIN ENTRY--PERSONAL NAME
Personal name Kevorkian,J.,
Relator term Author.
245 #0 - TITLE STATEMENT
Title Partial Differential Equations :
Remainder of title Analytical solution Techniques /
Statement of responsibility, etc. J.Kevorkian .
Medium Textual Documents
250 ## - EDITION STATEMENT
Edition statement 2nd ed.
260 ## - PUBLICATION, DISTRIBUTION, ETC.
Place of publication, distribution, etc. New Delhi:
Name of publisher, distributor, etc. Springer (India) Pvt Ltd.
300 ## - PHYSICAL DESCRIPTION
Extent 636p.
500 ## - GENERAL NOTE
General note Sent to Mathematics Department
653 ## - INDEX TERM--UNCONTROLLED
Uncontrolled term Analysis
653 ## - INDEX TERM--UNCONTROLLED
Uncontrolled term D-Mathematics
942 ## - ADDED ENTRY ELEMENTS (KOHA)
Source of classification or shelving scheme Dewey Decimal Classification
Koha item type Books
Holdings
Withdrawn status Lost status Damaged status Not for loan Collection Home library Current library Shelving location Date acquired Source of acquisition Coded location qualifier Cost, normal purchase price Total checkouts Full call number Barcode Date last seen Copy number Price effective from Koha item type Public note
          Dr. Suryya Kumar Bhuyan Library Dr. Suryya Kumar Bhuyan Library   24/05/2012 MA 00000 595.00   515 Ke 519 Pa 2003/Math 14/01/2024 1 24/05/2012 Books MA

Designed and Maintained by Team SKBL
©1901-2026

Powered by Koha